<?xml version="1.0" encoding="UTF-8"?>
<record
    xmlns:xsi="http://www.w3.org/2001/XMLSchema-instance"
    xsi:schemaLocation="http://www.loc.gov/MARC21/slim http://www.loc.gov/standards/marcxml/schema/MARC21slim.xsd"
    xmlns="http://www.loc.gov/MARC21/slim">

  <leader>00560nam a22002177a 4500</leader>
  <controlfield tag="005">20231207115127.0</controlfield>
  <controlfield tag="008">231207b        |||||||| |||| 00| 0 eng d</controlfield>
  <datafield tag="020" ind1=" " ind2=" ">
    <subfield code="a">9788195196128</subfield>
    <subfield code="c">Rs. 595.00</subfield>
  </datafield>
  <datafield tag="040" ind1=" " ind2=" ">
    <subfield code="a">MAIN</subfield>
  </datafield>
  <datafield tag="082" ind1=" " ind2=" ">
    <subfield code="a">515</subfield>
    <subfield code="b">T159A(4)</subfield>
  </datafield>
  <datafield tag="100" ind1=" " ind2=" ">
    <subfield code="a">Tao, Terence</subfield>
  </datafield>
  <datafield tag="245" ind1=" " ind2=" ">
    <subfield code="a">Analysis II</subfield>
  </datafield>
  <datafield tag="250" ind1=" " ind2=" ">
    <subfield code="a">4th</subfield>
  </datafield>
  <datafield tag="260" ind1=" " ind2=" ">
    <subfield code="a">New Delhi</subfield>
    <subfield code="b">Hindustan Book Agency (India)</subfield>
    <subfield code="c">2022</subfield>
  </datafield>
  <datafield tag="300" ind1=" " ind2=" ">
    <subfield code="a">xiv, 223</subfield>
  </datafield>
  <datafield tag="440" ind1=" " ind2=" ">
    <subfield code="a">Test ans readings in mathematics; 38</subfield>
  </datafield>
  <datafield tag="650" ind1=" " ind2=" ">
    <subfield code="a">Mathematics</subfield>
  </datafield>
  <datafield tag="650" ind1=" " ind2=" ">
    <subfield code="a">Analysis</subfield>
  </datafield>
  <datafield tag="700" ind1=" " ind2=" ">
    <subfield code="a">Seshadri, C S, S, ed.</subfield>
  </datafield>
  <datafield tag="942" ind1=" " ind2=" ">
    <subfield code="c">BK</subfield>
  </datafield>
  <datafield tag="952" ind1=" " ind2=" ">
    <subfield code="0">0</subfield>
    <subfield code="1">0</subfield>
    <subfield code="2">ddc</subfield>
    <subfield code="4">0</subfield>
    <subfield code="6">515_000000000000000_T159A4</subfield>
    <subfield code="7">0</subfield>
    <subfield code="9">402268</subfield>
    <subfield code="a">MAIN</subfield>
    <subfield code="b">MAIN</subfield>
    <subfield code="c">MATHS</subfield>
    <subfield code="d">2023-12-07</subfield>
    <subfield code="l">0</subfield>
    <subfield code="o">515 T159A(4)</subfield>
    <subfield code="p">415037</subfield>
    <subfield code="r">2023-12-07 11:35:01</subfield>
    <subfield code="w">2023-12-07</subfield>
    <subfield code="y">BK</subfield>
  </datafield>
  <datafield tag="952" ind1=" " ind2=" ">
    <subfield code="0">0</subfield>
    <subfield code="1">0</subfield>
    <subfield code="2">ddc</subfield>
    <subfield code="4">0</subfield>
    <subfield code="6">515_000000000000000_T159A4</subfield>
    <subfield code="7">0</subfield>
    <subfield code="9">402269</subfield>
    <subfield code="a">MAIN</subfield>
    <subfield code="b">MAIN</subfield>
    <subfield code="c">MATHS</subfield>
    <subfield code="d">2023-12-07</subfield>
    <subfield code="l">0</subfield>
    <subfield code="o">515 T159A(4)</subfield>
    <subfield code="p">415038</subfield>
    <subfield code="r">2023-12-07 11:35:01</subfield>
    <subfield code="w">2023-12-07</subfield>
    <subfield code="y">BK</subfield>
  </datafield>
  <datafield tag="952" ind1=" " ind2=" ">
    <subfield code="0">0</subfield>
    <subfield code="1">0</subfield>
    <subfield code="2">ddc</subfield>
    <subfield code="4">0</subfield>
    <subfield code="6">515_000000000000000_T159A4</subfield>
    <subfield code="7">0</subfield>
    <subfield code="9">402270</subfield>
    <subfield code="a">MAIN</subfield>
    <subfield code="b">MAIN</subfield>
    <subfield code="c">MATHS</subfield>
    <subfield code="d">2023-12-07</subfield>
    <subfield code="l">0</subfield>
    <subfield code="o">515 T159A(4)</subfield>
    <subfield code="p">415039</subfield>
    <subfield code="r">2023-12-07 11:35:01</subfield>
    <subfield code="w">2023-12-07</subfield>
    <subfield code="y">BK</subfield>
  </datafield>
  <datafield tag="952" ind1=" " ind2=" ">
    <subfield code="0">0</subfield>
    <subfield code="1">0</subfield>
    <subfield code="2">ddc</subfield>
    <subfield code="4">0</subfield>
    <subfield code="6">515_000000000000000_T159A4</subfield>
    <subfield code="7">0</subfield>
    <subfield code="9">402271</subfield>
    <subfield code="a">MAIN</subfield>
    <subfield code="b">MAIN</subfield>
    <subfield code="c">MATHS</subfield>
    <subfield code="d">2023-12-07</subfield>
    <subfield code="l">0</subfield>
    <subfield code="o">515 T159A(4)</subfield>
    <subfield code="p">415040</subfield>
    <subfield code="r">2023-12-07 11:35:01</subfield>
    <subfield code="w">2023-12-07</subfield>
    <subfield code="y">BK</subfield>
  </datafield>
  <datafield tag="952" ind1=" " ind2=" ">
    <subfield code="0">0</subfield>
    <subfield code="1">0</subfield>
    <subfield code="2">ddc</subfield>
    <subfield code="4">0</subfield>
    <subfield code="6">515_000000000000000_T159A4</subfield>
    <subfield code="7">0</subfield>
    <subfield code="9">402272</subfield>
    <subfield code="a">MAIN</subfield>
    <subfield code="b">MAIN</subfield>
    <subfield code="c">MATHS</subfield>
    <subfield code="d">2023-12-07</subfield>
    <subfield code="l">0</subfield>
    <subfield code="o">515 T159A(4)</subfield>
    <subfield code="p">415041</subfield>
    <subfield code="r">2023-12-07 11:35:01</subfield>
    <subfield code="w">2023-12-07</subfield>
    <subfield code="y">BK</subfield>
  </datafield>
  <datafield tag="999" ind1=" " ind2=" ">
    <subfield code="c">309468</subfield>
    <subfield code="d">309468</subfield>
  </datafield>
</record>
